| 000 | 01026cam a2200289 b 4500 | ||
|---|---|---|---|
| 001 | |||
| 003 | |||
| 005 | 20231012113916.0 | ||
| 008 | 980522s2002 mx | ||| ||spa | ||
| 020 | _a9706861947 | ||
| 040 |
_aBPMSU _bspa _cBPMSU _e |
||
| 082 | 4 |
_a519.5 _bW716e 2002 _222 |
|
| 100 | 1 |
_aMendenhall, William. _d |
|
| 245 | 1 | 0 |
_aEstadística matemática con aplicaciones / _cWilliam Mendenhall III, Dennis D. Wackerly, Richard L. Scheaffer ; traducción Jorge Yescas Milanés ; revisión Alejandro Alegría Hernández, Esperanza Sáinz Robles. _h _b |
| 250 |
_a6a. ed. _bedición revisada. |
||
| 260 |
_aMéxico : _bThomson, _c2002 |
||
| 300 |
_a853 p. ; _c25 cm |
||
| 590 | _aInventariado, 2023/VM | ||
| 650 | 4 |
_aEstadística matemática. _2 |
|
| 650 | 4 |
_aProbabilidades. _2 |
|
| 700 | 1 | _aWackerly, Dennis D. | |
| 700 | 1 | _aScheaffer, Richard L. | |
| 700 | 1 |
_aYescas Milanés, Jorge, _etr. |
|
| 700 | 1 |
_aCabañas Chávez, Rocío, _eed. |
|
| 910 | _aVMateo V. Control de calidad. BPMSU | ||
| 942 |
_2ddc _cBK |
||
| 999 |
_c14478 _d14478 |
||